| 000 | 00458nam a22001697a 4500 | ||
|---|---|---|---|
| 003 | JO-AjAnu | ||
| 005 | 20250310130752.0 | ||
| 008 | 241016b jo ||||| |||| 00| 0 ara d | ||
| 040 | _cJO-AjAnu | ||
| 041 | _aENG | ||
| 245 | 1 | _aWOOD WORKING : THE COMPLETE STEP-BY STEB MANUAL TOOL/TECHNIQUES/WOODS/ PROJECTS | |
| 250 | _aFIRST EDITION | ||
| 260 |
_aLONDON: _b HONOYRŲ _c2024 |
||
| 300 | _apages : 399 | ||
| 650 | 7 | 0 |
_aDESIGNS _966246 |
| 942 |
_2lcc _cBK _n0 |
||
| 999 |
_c33727 _d33727 |
||